Hovedsteder i Afrika - Statistics

General Stats
  • This quiz has been taken 144 times
  • The average score is 27 of 54
Answer Stats
Hint Answer % Correct
Egypt Kairo
90%
Sør-Afrika Cape Town / Pretoria / Bloemfontein
85%
Algerie Alger
80%
Kenya Nairobi
75%
Djibouti Djibouti
70%
Angola Luanda
70%
Marokko Rabat
70%
Somalia Mogadishu
65%
Libya Tripoli
65%
Tunisia Tunis
65%
Guinea-Bissau Bissau
60%
Ghana Accra
55%
Etiopia Addis Abeba
55%
Madagaskar Antananarivo
55%
Senegal Dakar
55%
Sierra Leone Freetown
55%
Zimbabwe Harare
55%
Sør-Sudan Juba
55%
D. R. Kongo Kinshasa
55%
Gabon Libreville
55%
Malawi Lilongwe
55%
Benin Porto-Novo / Cotonou
55%
São Tomé & Principe São Tomé
55%
Seychellene Victoria
55%
Nigeria Abuja
50%
Tanzania Dodoma
50%
Tsjad N'Djamena
50%
Rep. Kongo Brazzaville
45%
Botswana Gaborone
45%
Sudan Khartoum
45%
Liberia Monrovia
45%
Komorene Moroni
45%
Niger Niamey
45%
Burkina Faso Ouagadougou
45%
Kapp Verde Praia
45%
Kamerun Yaoundé
45%
Eritrea Asmara
40%
Sentralafrikanske Republikk Bangui
40%
Gambia Banjul
40%
Burundi Gitega
40%
Uganda Kampala
40%
Togo Lomé
40%
Zambia Lusaka
40%
Mosambik Maputo
40%
Lesotho Maseru
40%
Eswatini Mbabane
40%
Elfenbenskysten Yamoussoukro
40%
Mali Bamako
35%
Guniea Conakry
35%
Rwanda Kigali
35%
Mauritania Nouakchott
35%
Namibia Windhoek
35%
Ekvatorial-Guinea Malabo
25%
Mauritius Port Louis
25%
No matching quizzes found
Score Distribution
Percent of People with Each Score
Percentile by Number Answered
Your Score History
You have not taken this quiz